000
00294nam a22001097a 4500
041
_a
eng
080
_a
80
100
_a
Федоришин, О.П.
245
_a
Англійська мова. Практикум з наук-техн. перекладу.
650
_a
Translation
999
_c
281194
_d
281194
942
_c
BK